[Event "NOR-chT Eliteserien 2018-19"]
[Site "Norway"]
[Date "2018.11.02"]
[Round "1.12"]
[White "Gudbrandsen, Gustav"]
[Black "Nordquelle, Daniel"]
[Result "0-1"]
[WhiteElo "2265"]
[BlackElo "2213"]
[Annotator "TA"]
[PlyCount "104"]
[EventDate "2018.11.02"]
[EventType "team-tourn"]
[EventCountry "NOR"]

{[%evp 15,104,0,0,-19,14,-25,-11,-31,-28,-15,-6,0,24,22,23,13,20,0,39,39,49,57,57,54,48,40,65,57,70,72,71,66,71,72,84,40,44,26,18,0,0,0,82,77,91,90,133,115,123,80,127,45,43,62,63,10,-14,-22,-36,-21,-31,-91,-83,-90,-60,-85,-44,-110,-93,-111,-101,-115,-108,-119,-88,-141,-7,-8,0,-108,-44,-86,-79,-240,-224,-292,-142,-384,-379,-396,-457]} 1. e4 c5 2. Nf3 d6 3. Bb5+ Nd7 4. O-O a6 5. Bxd7+ Bxd7 6. d4 cxd4 7. Nxd4 Nf6 {B51: Sicilian: Moscow Variation (3 Bb5+) without 3...Bd7} 8. Nc3 (8. f3 g6 9. Be3 Bg7 10. c4 b5 11. cxb5 axb5 12. Qd2 O-O 13. Nc3 Qa5 14. Nb3 Qa6 15. a3 {0-1 (64) Munoz Pantoja,M (2457)-Ortiz Suarez,I (2612) Barcelona 2013}) 8... e6 {LiveBook: 4 Games} 9. Be3 Be7 {The position is equal.} 10. f3 O-O 11. Qd2 $146 ({Predecessor:} 11. Nce2 Qc7 12. Rc1 d5 13. exd5 Nxd5 14. Bf2 Rfd8 15. c3 {0-1 (37) Povill Claros,L (1839)-Fernandez Aguilar,F (2063) Barcelona 2018}) 11... Rc8 12. Rfd1 h6 13. a4 e5 14. Nde2 {[%cal Bd4e2,Be2g3,Bg3f5][%mdl 32]} Be6 15. a5 Rc6 16. Ng3 Kh7 17. Nd5 Bxd5 18. exd5 Rc8 19. Nf5 {[%cal Re3h6]} Qd7 20. Qd3 Kh8 21. c4 Rfe8 22. b4 Bf8 23. Ng3 g6 24. Rac1 Ng8 25. f4 f5 26. c5 exf4 27. Bxf4 dxc5 28. d6 Bg7 (28... c4 $1 $11 29. Rxc4 Rxc4 30. Qxc4 Re6) 29. bxc5 $16 Nf6 {[%cal Bg8f6,Bf6g4,Bg4e5,Be5c6][%mdl 32]} 30. Be3 Ng4 31. Bd4 Ne5 32. Qc3 Rcd8 33. Re1 (33. Rb1 $16) 33... Nc6 $1 $14 34. Bxg7+ Qxg7 35. Qxg7+ (35. Qd2 $14) 35... Kxg7 $11 36. Ne2 Kf7 37. Nf4 Nxa5 38. Rxe8 ({Better is} 38. Red1 $15) 38... Rxe8 {[%mdl 4096] Endgame KRN-KRN} 39. Rb1 Re4 40. Nd3 Re3 41. Rd1 (41. Nf4 $15 Re4 42. Nd3) 41... Nc6 $17 42. Kf2 Re4 43. Rb1 {[#]} Nd8 $1 44. Rb6 a5 45. d7 (45. Rb5 $142) 45... a4 (45... Re6 $17 {...Rxb6 is the strong threat.} 46. c6 bxc6) 46. Rxb7 $1 $11 {And now c6! would win.} Ke7 (46... Nxb7 $2 {perishes.} 47. c6 $18) 47. Rb6 (47. Rc7 $11 {remains equal.}) 47... Re6 (47... Kxd7 $17 48. Rd6+ Kc7 49. Rxg6 Ne6 50. Rxh6 a3 51. Rh7+ Kb8 52. Rh8+ Ka7 53. Rh7+ Ka6) 48. Rb2 Kxd7 49. c6+ $2 (49. Ra2 $17 {is a better defense.}) 49... Kxc6 $19 50. Rb8 Nb7 {[#]} 51. Ra8 $2 (51. Rxb7 $1 $17 {[%mdl 512] only move.} Rd6 (51... Kxb7 52. Nc5+) 52. Rb4 Rxd3 53. Rxa4) 51... Kb5 52. Ra7 Na5 {Precision: White = 34%, Black = 63%.} 0-1

[Event "NOR-chT Eliteserien 2018-19"]
[Site "Norway"]
[Date "2018.11.02"]
[Round "1.13"]
[White "Elsness, Frode"]
[Black "Nilsen, Joachim Birger"]
[Result "1/2-1/2"]
[WhiteElo "2447"]
[BlackElo "2405"]
[Annotator "TA"]
[PlyCount "54"]
[EventDate "2018.11.02"]
[EventType "team-tourn"]
[EventCountry "NOR"]

{[%evp 17,54,32,12,6,3,1,12,14,7,-1,3,-13,-6,-20,-25,-33,-22,-14,-36,-43,1,0,8,14,12,0,0,0,0,0,20,8,7,-2,0,-11,-4,-8,-8]} 1. c4 Nf6 2. Nc3 c5 3. g3 g6 4. Bg2 Bg7 5. Nf3 O-O 6. O-O Nc6 7. d4 cxd4 8. Nxd4 Qa5 9. Nb3 Qh5 {LiveBook: 214 Games} 10. e3 {A39: Symmetrical English vs ...g6: 4 Bg2 Bg7 5 Nf3 Nf6 6 0-0 0-0 7 d4} (10. h3 d6 11. g4 Bxg4 12. hxg4 Nxg4 13. Bf4 Be5 14. Qd2 g5 15. Bxe5 Ncxe5 16. Rfc1 Nxc4 17. Qd4 Nce3 18. fxe3 Qh4 19. Nd5 Qf2+ 20. Kh1 Qh4+ {½-½ (20) Banusz,T (2612)-Berkes,F (2678) Valjevo 2018}) 10... d6 11. Qxh5 Nxh5 12. c5 dxc5 13. Nxc5 Rd8 $146 ({Predecessor:} 13... Rb8 14. Rd1 Rd8 15. Rxd8+ Nxd8 16. Nd5 Kf8 17. a4 e6 {0-1 (44) Srinivasa Rao,M (2160)-Kushagra,M (2270) Abu Dhabi 2018}) 14. Rb1 Rb8 15. Nb5 b6 16. Na4 Bf5 17. e4 Be6 18. b3 Nd4 19. Nac3 {The position is equal.} Bd7 20. Nxd4 Bxd4 21. Bb2 Kf8 22. Rfd1 Bg4 23. Rd2 Be5 24. Rxd8+ Rxd8 25. h3 Bc8 26. Rd1 Ke8 27. Rxd8+ Kxd8 {Accuracy: White = 46%, Black = 53%.} 1/2-1/2

[Event "NOR-chT Eliteserien 2018-19"]
[Site "Norway"]
[Date "2018.11.02"]
[Round "1.14"]
[White "Bern, Ivar"]
[Black "Urkedal, Frode Olav Olsen"]
[Result "1/2-1/2"]
[WhiteElo "2295"]
[BlackElo "2539"]
[Annotator "TA"]
[PlyCount "88"]
[EventDate "2018.11.02"]
[EventType "team-tourn"]
[EventCountry "NOR"]

{[%evp 26,88,14,7,8,0,0,-65,-75,-68,-65,-65,-70,-65,-7,-3,-3,0,-2,-35,-31,-43,4,3,5,-47,-62,-42,-47,-62,-47,-80,-19,-11,-17,-16,-11,-19,-11,-11,-16,-35,-4,-10,0,0,0,-22,-22,-26,-15,-88,0,-2,0,0,0,0,0,0,0,0,0,0,0]} 1. Nf3 Nf6 2. g3 d5 3. Bg2 e6 4. O-O Be7 5. b3 O-O 6. Bb2 b6 7. d4 Bb7 8. c4 dxc4 9. bxc4 c5 {E17: Queen's Indian: 4 g3 Bb7 5 Bg2 Be7} 10. e3 cxd4 11. exd4 Nc6 12. Nbd2 (12. Qe2 Qc7 13. Nbd2 Rad8 14. Rac1 Rfe8 15. Rfd1 h6 {1-0 (60) Ju,W (2514)-Hou,Y (2629) Beijing 2013}) 12... Rc8 13. Rc1 Na5 14. Qe2 {LiveBook: 3 Games} Ba6 15. Ne5 Nd7 16. Nb3 ({White should try} 16. Nef3 $11) 16... Nxe5 $15 17. Nxa5 bxa5 18. dxe5 Qb6 $146 19. Rfd1 Rc7 (19... Bxc4 $15 20. Rxc4 Rxc4 21. Qxc4 Qxb2) 20. Bd4 $11 Qb4 {[%cal Rc7c4]} 21. Qe3 Rxc4 22. Rb1 Qa4 23. Bf1 Rc6 (23... Rb4 $5 {[%cal Ra6f1]} 24. Bxa6 Rd8 $11) 24. Bxa6 Rxa6 25. Bc5 (25. Qf3 $11 Qc6 26. Qg2) 25... Bxc5 $15 26. Qxc5 Rb6 27. Rbc1 g6 28. Qe7 Rc6 (28... Rbb8 $17) 29. Qd7 $11 Rc4 {[#] Strongly threatening ...Qxd7.} 30. Qxa4 $1 Rxa4 {[%mdl 4096] Endgame KRR-KRR} 31. Rd2 g5 32. Rc7 a6 33. Kg2 g4 34. h3 h5 35. hxg4 hxg4 36. f3 gxf3+ 37. Kxf3 Rb8 38. Ra7 {[#]} (38. Rf2 $11 {remains equal.}) 38... Rb5 (38... Rb1 $1 $17 {Threatening ...Re1.} 39. Rf2 Rg1) 39. Rdd7 {The position is equal.} Ra3+ 40. Kg4 Rb4+ 41. Kh5 Rxg3 {White must now prevent ...Rb1.} ({Worse is} 41... Rxa2 42. Ra8+ Kg7 43. Rdd8 Rh2+ 44. Kg5 Rg4+ 45. Kxg4 f6 46. Rd7+ Kg6 47. Rg8+ Kh6 48. Rh8+ Kg6 49. Rxh2 f5+ 50. Kf4 a4 51. Rdh7 a5 52. R2h6#) 42. Ra8+ Kg7 {( -> ...Rf3)} 43. Rdd8 $1 {[%cal Rd8g8] Intending Rg8+ and mate.} Rh3+ 44. Kg5 {Threatening mate with Rg8+.} Rg3+ {Accuracy: White = 53%, Black = 46%.} 1/2-1/2

[Event "NOR-chT Eliteserien 2018-19"]
[Site "Norway"]
[Date "2018.11.02"]
[Round "1.15"]
[White "Hansen, Torbjorn Ringdal"]
[Black "Stokke, Kjetil"]
[Result "1/2-1/2"]
[WhiteElo "2420"]
[BlackElo "2332"]
[Annotator "TA"]
[PlyCount "109"]
[EventDate "2018.11.02"]
[EventType "team-tourn"]
[EventCountry "NOR"]

{[%evp 29,109,-16,-16,-34,-24,-21,-24,-15,-17,-16,0,-57,15,15,17,0,46,50,108,111,102,104,109,59,51,24,34,35,50,37,45,29,41,16,53,0,52,51,53,54,52,45,51,49,43,40,97,94,131,129,122,13,13,10,65,6,8,0,77,77,119,0,0,0,0,0,0,0,0,0,0,0,0,0,0,0,0,0,7,0,0,2]} 1. c4 g6 2. Nc3 Bg7 3. d4 d6 4. e4 e5 5. Nge2 Nc6 6. Be3 exd4 7. Nxd4 Nge7 {[%cal Bg8e7,Be7f5,Bf5e3][%mdl 32]} 8. Be2 O-O 9. O-O f5 10. exf5 Bxd4 11. Bxd4 Nxf5 12. Be3 Nxe3 13. fxe3 Rxf1+ 14. Bxf1 Be6 15. Nd5 Ne5 {LiveBook: 4 Games. A42: Modern Defence: Averbakh Variation} 16. Rc1 {[#]} Bf7 $146 ({Predecessor:} 16... Qg5 17. Nf4 Bf7 18. Rc3 Re8 19. h3 Qg3 20. Kh1 Rf8 21. Ne2 Qf2 22. Nd4 g5 23. Be2 Bg6 24. Ne6 Be4 25. Bf3 Rxf3 {0-1 (25) Petrovskis,O (1973)-Kulaots,K (2581) Warsaw 2012}) 17. Qd4 c5 18. Qe4 Kg7 19. Rd1 Qd7 20. b4 (20. Nc3 $11 Qe7 21. Be2) 20... Qc6 (20... Qg4 $15 21. Qxg4 Nxg4) 21. bxc5 $11 Qxc5 22. Qf4 Re8 23. Nf6 Re6 (23... Rf8 $1 $14 24. Ne4 Qc8) 24. Ne4 $16 Qc7 25. Nxd6 $1 Be8 26. Qg5 Nf7 27. Nxf7 Bxf7 28. Qf4 Qe5 29. Qd4 b6 30. Rd3 Kf6 31. Kf2 Rc6 32. Qxe5+ Kxe5 $14 {[%mdl 4096] Endgame KRB-KRB} 33. Rd7 {[%mdl 64] Double Attack} Rf6+ 34. Ke1 a5 35. Be2 h6 36. a3 g5 37. Rb7 Be8 {[#]} (37... Bg8 $14) 38. Bf3 $1 $16 Rd6 39. Bd5 Bd7 40. Ra7 (40. Kd2 $16) 40... Bc6 $1 $11 41. e4 Bd7 ({Black should try} 41... Rd7 $11 42. Ra6 Bxd5 43. exd5 Rb7) 42. Ke2 ({White should play} 42. Kf2 $14) 42... Kd4 $1 43. h3 h5 (43... Ba4 $1 $11) 44. Ra8 $16 g4 {[#]} 45. hxg4 (45. h4 $1 $16) 45... Bxg4+ $11 {The position is equal.} 46. Kf2 Rf6+ 47. Kg3 Be2 48. Rc8 Rg6+ 49. Kf2 {Strongly threatening Rd8.} Bd3 50. e5 Kxe5 51. Ke3 Bf5 52. Re8+ Kd6 $1 53. Rh8 Bg4 54. Kd4 Be2 55. Rb8 {Accuracy: White = 60%, Black = 44%.} 1/2-1/2

[Event "NOR-chT Eliteserien 2018-19"]
[Site "Norway"]
[Date "2018.11.02"]
[Round "1.16"]
[White "Gullaksen, Eirik"]
[Black "Ranaldi, Lucas"]
[Result "1/2-1/2"]
[WhiteElo "2356"]
[BlackElo "2305"]
[Annotator "TA"]
[PlyCount "120"]
[EventDate "2018.11.02"]
[EventType "team-tourn"]
[EventCountry "NOR"]

{[%evp 20,120,-15,-19,-7,-74,-74,-92,-75,-68,-58,-103,-97,-85,-87,-89,-96,-87,-73,-69,-60,-74,-68,-57,-33,-46,-35,-35,-18,-21,-19,-21,-21,-21,-20,-21,-20,-21,0,-20,0,-21,-28,-28,-17,-20,-18,-32,-21,-64,-65,-101,-79,-83,-77,-85,-88,-83,-61,-387,-572,-393,-300,-300,-300,-984,-300,-984,-301,-301,-300,-297,0,0,0,0,0,0,0,0,0,0,0,0,0,0,0,0,0,0,0,0,0,0,0,0,0,0,0,0,0,0,0]} 1. e4 c6 2. d4 d5 3. Nc3 dxe4 4. Nxe4 Bf5 5. Ng3 Bg6 6. N1e2 Nf6 7. h4 h6 8. Nf4 Bh7 9. c3 e6 10. Bc4 Bd6 11. Qf3 {LiveBook: 3 Games. B18: Classical Caro-Kann: 4...Bf5 sidelines} (11. Ngh5 O-O 12. g4 e5 13. g5 exf4 14. gxf6 g6 15. Qf3 Kh8 16. Bxf4 gxh5 17. Bxh6 Re8+ 18. Kd2 Bg6 19. Rhg1 Kh7 20. Bxf7 Bxf7 21. Qf5+ Kh8 22. Rg7 {1-0 (22) Kuzubov,Y (2667)-Ezat,M (2479) Dubai 2015}) 11... O-O 12. Nd3 $146 (12. Bd3 $11) ({Predecessor:} 12. O-O Nbd7 13. Ngh5 Nxh5 14. Qxh5 e5 15. dxe5 Nxe5 16. Bb3 Qf6 17. Be3 Ng6 18. Nxg6 Bxg6 {0-1 (43) Gucaga,A (1907)-Mickevicius,J (2285) Lithuania 2018}) 12... Nbd7 13. Bf4 {Black is better.} Bxf4 14. Nxf4 e5 15. Nfe2 exd4 16. cxd4 Nb6 17. Bb3 a5 {[%cal Ba7a5,Ba5a4][%mdl 32]} 18. Rc1 Re8 {aiming for ...Qxd4.} 19. O-O a4 20. Bc2 Bxc2 21. Rxc2 Qd5 22. Qxd5 Nbxd5 23. a3 Ne4 24. Rd1 Nxg3 25. Nxg3 Re6 26. Ne2 Rae8 27. Kf1 Rf6 28. Kg1 Rfe6 29. Kf1 Rf6 {And now ...Ne3+ would win.} 30. Kg1 Re4 $36 {[%mdl 2048] Black has some pressure.} 31. g3 Rfe6 32. Kf1 f5 33. Nc3 Nxc3 34. bxc3 $15 {[%mdl 4096] Endgame KRR-KRR} f4 $1 35. Rd3 Re1+ 36. Kg2 fxg3 37. Rxg3 R6e2 38. Rxe2 Rxe2 39. Re3 $2 {[%mdl 8192] [#]} ({White should try} 39. Rg4 $15) 39... Rxe3 $1 $19 40. fxe3 {KP-KP} g6 41. Kf3 Kf7 42. Kf4 $2 (42. Kg4 Ke6 43. e4) 42... Kf6 43. e4 $2 (43. Kf3 Ke6 44. Ke4) 43... b6 $2 (43... g5+ 44. hxg5+ hxg5+ 45. Kg4 {[#]} c5 $1 {[%mdl 512]} 46. e5+ Ke6 47. d5+ Kxe5) 44. e5+ Ke7 45. Ke4 b5 $2 ({Better is} 45... Kf7 $19 {With the idea ...Ke7.} 46. Kf3 c5 47. dxc5 bxc5 48. e6+ Kxe6) 46. Kf3 $11 {The position is equal.} Kd7 47. Ke4 Ke7 48. Kf3 Kf7 49. Ke4 Ke6 50. Kf4 g5+ 51. hxg5 hxg5+ 52. Ke4 g4 53. Kf4 c5 54. dxc5 {Hoping for c6.} g3 $1 {[%cal Rg3g2]} 55. Kxg3 {White threatens c6 and mate.} Kxe5 {K3P-KPP} 56. c6 {Threatening mate with c7.} Kd6 57. Kf4 Kxc6 58. Ke4 Kc5 {White must now prevent ...Kc4.} 59. Kd3 Kd5 60. Kd2 $1 Kc4 {Accuracy: White = 61%, Black = 66%.} 1/2-1/2

[Event "NOR-chT Eliteserien 2018-19"]
[Site "Norway"]
[Date "2018.11.02"]
[Round "1.17"]
[White "Gandrud, Vegar Koi"]
[Black "Gabrielsen, Stig"]
[Result "1-0"]
[WhiteElo "2320"]
[BlackElo "2294"]
[Annotator "TA"]
[PlyCount "81"]
[EventDate "2018.11.02"]
[EventType "team-tourn"]
[EventCountry "NOR"]

{[%evp 22,81,23,17,0,-7,94,109,108,84,99,90,85,69,62,58,127,142,273,272,477,157,274,0,0,0,0,0,500,490,668,148,168,156,225,116,415,412,379,393,585,579,551,380,609,609,608,600,627,618,4714,4714,1171,603,2770,0,664,0,1374,233,29984,29985]} 1. d4 Nf6 2. c4 g6 3. Nc3 Bg7 4. e4 d6 5. Nf3 O-O 6. Be2 e5 7. d5 Nh5 8. g3 a5 9. h3 {E92: King's Indian: Classical: 6 Be2 e5: 7 dxe5, 7 Be3 and Petrosian System without 7...Nbd7} Na6 10. Nh2 Nf6 11. g4 (11. Ng4 Nd7 12. Nh6+ Kh8 13. h4 Ndc5 14. g4 f5 15. h5 {½-½ (15) Radjabov,T (2742)-Ziska,H (2545) Tbilisi 2017}) 11... Nc5 12. Qc2 {LiveBook: 3 Games} c6 13. Be3 b5 $146 (13... cxd5 $11 {keeps the balance.} 14. cxd5 b6) ({Predecessor:} 13... cxd5 14. cxd5 Bd7 15. Bxc5 dxc5 {0-1 (39) Handler,L (2115)-Zelbel,P (2348) Graz 2010}) 14. dxc6 $16 b4 15. Bxc5 bxc3 16. Rd1 cxb2 17. Bxd6 {And now c7 would win.} Qb6 18. Nf3 h5 ({Don't play} 18... Rd8 $6 19. O-O $16) ({Black should try} 18... Re8 $14) 19. Nxe5 Rd8 (19... Be6 $16) 20. O-O $18 hxg4 $2 (20... Rxd6 21. Rxd6 Rb8) 21. hxg4 $2 (21. c5 $18 {is the precise move to win.} Qb4 22. hxg4) 21... Be6 (21... Rxd6 $16 22. Rxd6 Rb8) 22. g5 $2 (22. c5 $18 Qb4 23. c7) 22... Ne8 $1 $11 23. c5 {[%cal Bc4c5,Bc5c6][%mdl 32]} Qb4 24. c7 Nxc7 $2 {[%mdl 8192] [#]} (24... Rxd6 $11 {and Black has nothing to worry.} 25. cxd6 Bxe5) 25. Nc6 $1 $18 {[%cal Rc6b4]} (25. Bxc7 Rxd1 26. Rxd1 Bxa2 $16) 25... Qb7 {[#]} 26. Nxd8 $2 (26. Ne7+ $1 $18 Kf8 27. Nxg6+ Kg8 28. Ne7+ Kf8 29. c6) 26... Rxd8 $16 27. c6 Qc8 (27... Qb6 $16 {was worth a try.} 28. Bc5 Qb8) 28. Be7 (28. e5 $18) 28... Re8 $2 {[%mdl 8192]} (28... Rxd1 $16 {is a better defense.} 29. Rxd1 (29. Qxd1 Ne8 $11) 29... Bxa2) 29. Bf6 $18 Bxf6 30. gxf6 Bxa2 (30... Bh3 {was necessary.} 31. Rfe1 (31. Qxb2 Bxf1 32. Kxf1 Qh3+ 33. Kg1 Qe6 $16) 31... Ne6) 31. Qxb2 Rxe4 32. Rd4 ({Worse is} 32. Qxa2 Rg4+ 33. Bxg4 Qxg4+ 34. Kh2 Qh4+ 35. Kg2 Qg4+ 36. Kh2 Qh4+ 37. Kg2 Qg4+ 38. Kh2 $11) 32... Bd5 $2 (32... Rxd4 33. Qxd4 Bd5) 33. Rxe4 Bxe4 34. Qe5 Bxc6 35. Rc1 Qb7 36. Qd6 Bh1 37. Qh2 Bc6 {If Black can now play ...Ne8 this consolidates a bit.} 38. Qd6 (38. Rc4 $142 Qb1+ 39. Bf1) 38... Bh1 {[%csl Gh1][%cal Rb7g2]} 39. Qh2 (39. f3 $142 Ne8 40. Qe7 Qb6+ 41. Kxh1) 39... Bc6 {Now ...Ne8 and Black clings on.} 40. Qh6 $2 (40. Rc4 {Threatening mate with Rh4.} Bf3 41. Rxc7 Qb1+ 42. Bf1) 40... Ne6 $2 (40... Ne8 $18 41. Bc4 Be4) 41. Bg4 {Accuracy: White = 53%, Black = 21%.} 1-0

[Event "NOR-chT Eliteserien 2018-19"]
[Site "Norway"]
[Date "2018.11.02"]
[Round "1.18"]
[White "Gabrielsen, Trond"]
[Black "Storme, Isak"]
[Result "1/2-1/2"]
[WhiteElo "2291"]
[BlackElo "2319"]
[Annotator "broadcasts RC"]
[PlyCount "46"]
[EventDate "2018.11.02"]
[EventType "team-tourn"]
[EventCountry "NOR"]
[TimeControl "40/5400+30:1800+30"]

1. e4 e5 2. Nf3 Nc6 3. Bc4 Bc5 4. O-O Nf6 5. d3 O-O 6. c3 d6 7. a4 a5 8. h3 h6 9. Bb3 Be6 10. Bc2 d5 11. Nbd2 Qd7 12. Nxe5 Nxe5 13. d4 Bxh3 14. dxe5 Bg4 15. Qe1 Nh5 16. Nb3 Bb6 17. Be3 Bf3 18. Nd2 Bxg2 19. Kxg2 Qg4+ 20. Kh2 Qh4+ 21. Kg2 Qg4+ 22. Kh2 Qh4+ 23. Kg2 Qg4+ 1/2-1/2

[Event "NOR-chT Eliteserien 2018-19"]
[Site "Norway"]
[Date "2018.11.02"]
[Round "1.19"]
[White "Notkevich, Benjamin Arvola"]
[Black "Stojanovic, Mihajlo"]
[Result "1/2-1/2"]
[WhiteElo "2506"]
[BlackElo "2523"]
[Annotator "broadcasts RC"]
[PlyCount "40"]
[EventDate "2018.11.02"]
[EventType "team-tourn"]
[EventCountry "NOR"]
[TimeControl "40/5400+30:1800+30"]

1. d4 Nf6 2. c4 e6 3. Nf3 Bb4+ 4. Bd2 a5 5. g3 b6 6. Bg2 Bb7 7. O-O Bxd2 8. Qxd2 O-O 9. Rd1 d6 10. Qc2 Be4 11. Qc1 Bb7 12. d5 exd5 13. Nh4 Ba6 14. Nc3 Bxc4 15. b3 Ba6 16. Nxd5 Nxd5 17. Bxd5 c6 18. Bf3 Qf6 19. Qe3 d5 20. Qxb6 Nd7 1/2-1/2

[Event "NOR-chT Eliteserien 2018-19"]
[Site "Norway"]
[Date "2018.11.02"]
[Round "1.20"]
[White "David, Edwin"]
[Black "Vestby-Ellingsen, Mads"]
[Result "1/2-1/2"]
[WhiteElo "2218"]
[BlackElo "2385"]
[Annotator "broadcasts RC"]
[PlyCount "35"]
[EventDate "2018.11.02"]
[EventType "team-tourn"]
[EventCountry "NOR"]
[TimeControl "40/5400+30:1800+30"]

1. d4 Nf6 2. c4 g6 3. Nc3 d5 4. cxd5 Nxd5 5. e4 Nxc3 6. bxc3 Bg7 7. Be3 c5 8. Nf3 Bg4 9. Rc1 Qa5 10. Qd2 Bxf3 11. gxf3 Nc6 12. d5 Ne5 13. Be2 c4 14. f4 Nd7 15. Bd4 O-O 16. Bxg7 Kxg7 17. Bxc4 Rac8 18. Be2 1/2-1/2

[Event "NOR-chT Eliteserien 2018-19"]
[Site "Norway"]
[Date "2018.11.02"]
[Round "1.21"]
[White "Lund, Gunnar"]
[Black "Dahl, Trygve"]
[Result "1-0"]
[WhiteElo "2227"]
[BlackElo "2283"]
[Annotator "broadcasts"]
[PlyCount "61"]
[EventDate "2018.11.02"]
[EventType "team-tourn"]
[EventCountry "NOR"]
[TimeControl "40/5400+30:1800+30"]

1. e4 c5 2. Nf3 Nc6 3. Bb5 g6 4. Bxc6 bxc6 5. O-O Bg7 6. Re1 Nh6 7. c3 O-O 8. h3 d5 9. d3 Ba6 10. Be3 d4 11. Bf4 f6 12. cxd4 cxd4 13. Bxh6 Bxh6 14. Qa4 Bb5 15. Qxd4 e5 16. Qc5 Qxd3 17. a4 Qc4 18. Qd6 Bxa4 19. Nbd2 Bxd2 20. Nxd2 Qc2 21. Rec1 Qxb2 22. Nc4 Qb5 23. Rab1 Qa6 24. Qe6+ Kh8 25. Nd6 Qd3 26. Nf7+ Kg7 27. Rb7 Rab8 28. Nxe5+ Rxb7 29. Nxd3 Bb5 30. Nc5 Rbf7 31. Nd7 1-0

[Event "NOR-chT Eliteserien 2018-19"]
[Site "Norway"]
[Date "2018.11.02"]
[Round "1.23"]
[White "Machlik, Edit"]
[Black "Rygg, Andreas Gangstad"]
[Result "1-0"]
[WhiteElo "2110"]
[BlackElo "1845"]
[Annotator "broadcasts"]
[PlyCount "173"]
[EventDate "2018.11.02"]
[EventType "team-tourn"]
[EventCountry "NOR"]
[TimeControl "40/5400+30:1800+30"]

1. d4 Nf6 2. c4 g6 3. Nc3 d5 4. Bf4 c6 5. e3 Bg7 6. Nf3 O-O 7. Bd3 Nbd7 8. cxd5 Nxd5 9. Nxd5 cxd5 10. O-O Nf6 11. h3 Bd7 12. Qb3 Qb6 13. Ne5 Qxb3 14. axb3 Rfc8 15. Bg5 Be8 16. Rfc1 a6 17. Rc3 h6 18. Bh4 g5 19. Bg3 Nd7 20. Nf3 e6 21. Rac1 Nb6 22. Bc7 Nd7 23. Bd6 Nb6 24. h4 g4 25. Ne5 h5 26. Be2 Rxc3 27. bxc3 Bxe5 28. Bxe5 Rc8 29. f3 f5 30. Kf2 Nd7 31. Bf4 Nf6 32. Ke1 Kf7 33. Kd2 Bd7 34. Be5 Ng8 35. fxg4 hxg4 36. g3 Nf6 37. Bd3 Ke7 38. Ra1 Rf8 39. Rf1 Bc6 40. Bf4 Kd7 41. Ra1 Nh5 42. Ra5 Rc8 43. Be5 Ke7 44. b4 Nf6 45. Bxf6+ Kxf6 46. Kc2 Ke7 47. b5 axb5 48. Bxb5 Kd6 49. Bd3 Rh8 50. Ra1 Rc8 51. Kb3 Re8 52. Kc2 Rc8 53. Kd2 Rh8 54. Ra5 Rc8 55. Ra7 Rb8 56. Bc2 Rc8 57. Ba4 Bxa4 58. Rxa4 e5 59. dxe5+ Kxe5 60. Kd3 Kd6 61. Ra7 Kc6 62. Ra4 Kd6 63. Rb4 Rc7 64. Kd4 Re7 65. Rb6+ Kc7 66. Rf6 Re4+ 67. Kd3 Re5 68. Kd4 Re4+ 69. Kd3 Re5 70. h5 Kd7 71. h6 Re7 72. Rxf5 Ke6 73. Rh5 Rh7 74. Kd4 b6 75. Re5+ Kf7 76. Rh5 Ke6 77. Kd3 Kd6 78. Kc2 Ke6 79. Kb3 Kd6 80. Kb4 Kc6 81. Ka3 Kd6 82. Kb3 Kc7 83. Kc2 Kd6 84. Kd3 Ke6 85. Kd4 Kf6 86. Kxd5 Rc7 87. Kd4 1-0

[Event "NOR-chT Eliteserien 2018-19"]
[Site "Norway"]
[Date "2018.11.02"]
[Round "1.25"]
[White "Galchenko, Matvey"]
[Black "Hammer, Jon Ludvig"]
[Result "1/2-1/2"]
[WhiteElo "2368"]
[BlackElo "2659"]
[Annotator "TA"]
[PlyCount "75"]
[EventDate "2018.11.02"]
[EventType "team-tourn"]
[EventCountry "NOR"]

{[%evp 9,75,10,10,0,0,0,2,-8,0,0,0,0,0,4,0,-2,4,2,6,0,5,-4,30,39,32,0,0,0,0,-7,-5,0,-5,0,-1,-1,-6,-3,0,-14,-10,-11,-8,-11,0,0,0,0,0,0,8,8,6,0,0,0,3,2,8,8,8,8,8,8,23,12,16,4]} 1. c4 e5 {[%cal Be7e5,Be5e4][%mdl 32]} 2. g3 c6 3. Nf3 e4 4. Nd4 d5 5. d3 (5. cxd5 Qxd5 6. Nc2 Nf6 7. Nc3 Qh5 8. Ne3 Bc5 9. Qc2 Qe5 10. Bg2 Bxe3 11. fxe3 Bf5 12. b4 O-O 13. Bb2 {1-0 (41) Aronian,L (2801)-Papaioannou,I (2652) Heraklio 2017}) 5... Bc5 6. Nb3 {A20: English Opening: 1...e5} Bb4+ 7. Bd2 Bxd2+ 8. Qxd2 dxc4 9. dxc4 f5 $146 ({Predecessor:} 9... Qxd2+ 10. N1xd2 f5 11. c5 Nf6 12. e3 g6 13. Nc4 Ke7 14. Nd6 Nbd7 15. Rc1 b6 16. Be2 {½-½ (16) Salem,A (2633)-Hammer,J (2621) Moscow 2017}) 10. Qxd8+ Kxd8 11. Nc3 Nf6 12. Nd4 Kc7 13. f3 Re8 {[%cal Bh8e8,Be8e5,Be5c5][%mdl 32]} 14. O-O-O Na6 15. Bg2 Bd7 16. fxe4 fxe4 17. h3 Re5 18. Rhf1 Rae8 19. Rf4 Rc5 20. b3 {[%cal Rc3e4]} ({Don't play} 20. Nxe4 Nxe4 21. Bxe4 g5 $17) 20... b5 21. Rxf6 gxf6 22. Nxe4 Rxe4 23. Bxe4 bxc4 24. Kb1 Re5 25. Bxh7 c5 26. Nc2 Rh5 27. Be4 cxb3 28. axb3 Bxh3 29. Kb2 Rg5 30. Ra1 Kb6 31. Bd3 Nc7 32. Ne3 Rxg3 33. Nc4+ Kb7 34. Nd6+ Kc6 35. Ne4 Re3 36. Nxf6 a6 37. Rc1 Re5 38. b4 {Accuracy: White = 60%, Black = 62%.} 1/2-1/2

[Event "NOR-chT Eliteserien 2018-19"]
[Site "Norway"]
[Date "2018.11.02"]
[Round "1.26"]
[White "Hauge, Lars Oskar"]
[Black "Mikalsen, Erlend"]
[Result "1-0"]
[WhiteElo "2449"]
[BlackElo "2368"]
[Annotator "broadcasts RC"]
[PlyCount "67"]
[EventDate "2018.11.02"]
[EventType "team-tourn"]
[EventCountry "NOR"]
[TimeControl "40/5400+30:1800+30"]

1. d4 Nf6 2. c4 e6 3. Nc3 Bb4 4. Qc2 O-O 5. e4 d6 6. Nf3 e5 7. Bd3 exd4 8. Nxd4 Nc6 9. Nxc6 bxc6 10. O-O Bc5 11. Be2 Qe7 12. Bf4 Re8 13. Bf3 Bg4 14. Bxg4 Nxg4 15. Rad1 Qf6 16. Qd2 Bb4 17. Bg3 Bxc3 18. bxc3 Ne5 19. c5 dxc5 20. f4 Nc4 21. Qe2 Qe6 22. e5 Nd6 23. Bf2 f6 24. Rfe1 fxe5 25. fxe5 Nf7 26. Bxc5 Qxe5 27. Qf2 Qxc3 28. Rf1 Qc4 29. Rd7 Ne5 30. Rxc7 a5 31. Bd4 Rad8 32. Rxg7+ Kxg7 33. Qg3+ Kh6 34. Be3+ 1-0